Musical Scales- Treble Clef - Statistics

General Stats
  • This quiz has been taken 81 times
  • The average score is 9 of 9
Answer Stats
Treble Cleff Answer % Correct
Space F
98%
Space A
97%
Space C
97%
Space E
97%
Line B
93%
Line D
93%
Line E
93%
Line F
93%
Line G
93%
No matching quizzes found
Score Distribution
Percent of People with Each Score
Percentile by Number Answered
Your Score History
You have not taken this quiz